000 00476nam a2200181Ia 4500
001 4012
005 20260306145725.0
008 260306t2007||||xx |||||||||||||| ||spa||
041 _aESP
082 _a306.43
_bN25
100 _aNarodowski , Mariano (comp.)
_eAUT
245 0 _aEscuela y familias:
_bproblemas de diversidad cultural y justicial social
260 _c2007
300 _a204 páginas :
_c21 cm.
650 _aGEN
654 _aCHU
942 _cLIB
_dJUS
_fJUS
_2ddc
_n
999 _c4012
_d4012